000 00705nmm a2200217Ia 4500
008 251105s9999||||xx |||||||||||||||||und||
020 _a9788491802273
041 _aspa
100 _aRodríguez Ardura, Imma
245 0 _aPrincipios y estrategias de marketing (vol.2)
264 _a[Madrid, España] :
_bUniversitat Oberta de Catalunya,
_c2018
300 _a682 páginas
650 _aEconomics and Business
700 _aRodríguez Ardura, Imma
700 1 _a Maraver Tarifa, Guillermo
700 1 _a Jiménez Zarco, Ana Isabel
700 1 _a Martínez Argüelles, M. Jesús
700 1 _a Ammetller Montes, Gisela
856 _uhttps://public.digitaliapublishing.com/a/61703
942 _cCF
999 _c70627
_d70627